| LEADER | 00483cam a2200145 7i4500 | ||
|---|---|---|---|
| 001 | 0000008822 | ||
| 005 | 20010307090000.0 | ||
| 090 | 0 | 0 | |a CD-ROM 154 |b SAB |
| 245 | 0 | 0 | |a Sabah : |b Borneo trade 2000 [ |m electronic resources]. |
| 260 | 0 | 0 | |a Kota Kinabalu: |b Jesselton Communications, |c 2000. |
| 300 | # | # | |a Electronic computer optical disc (CD-ROM). |
| 650 | 0 | 0 | |a Trade -- |z Malaysia |
| 650 | 0 | 0 | |a Trade -- |z Sabah |
| 651 | 0 | 0 | |a Malaysia |
| 999 | |a 0000012086 |b CD-ROM |c AV Collection |e Business Information Centre | ||